15 Most Beautiful Countries In The World - Statistics

General Stats
  • This quiz has been taken 112 times
  • The average score is 12 of 15
Answer Stats
Ranking Country % Correct
7 United States
92%
12 Australia
89%
9 France
89%
1 Italy
89%
5 Canada
86%
2 New Zealand
86%
10 Japan
84%
3 United Kingdom
84%
14 Brazil
78%
6 Norway
71%
4 Greece
69%
13 Switzerland
68%
11 India
67%
8 Iceland
65%
15 South Africa
54%
No matching quizzes found
Score Distribution
Percent of People with Each Score
Percentile by Number Answered
Your Score History
You have not taken this quiz